Sequential nonparametrics : invariance principles and statistical inference /

Bibliographic Details
Main Author: Sen, Pranab Kumar, 1937-
Format: Book
Language:English
Published: New York : Wiley, [1981]
Series:Wiley series in probability and mathematical statistics.
Subjects:

MARC

Tag First Indicator Second Indicator Subfields
LEADER 00000pam a2200000 a 4500
001 in00000079849
005 20151008054024.0
008 810319s1981 nyu b 00110 eng
010 |a  81004432  
020 |a 0471060135 :  |c $35.00 (est.) 
035 |a (OCoLC)07307234 
035 |9 AAH9386AM 
039 0 |a 2  |b 3  |c 3  |d 3  |e 3 
040 |a DLC  |c DLC  |d TXA  |d UtOrBLW 
049 |a TXAM  |c [1422093] 
050 0 0 |a QA279.7  |b .S46 
082 0 |a 519.4  |2 19 
100 1 |a Sen, Pranab Kumar,  |d 1937- 
245 1 0 |a Sequential nonparametrics :  |b invariance principles and statistical inference /  |c Pranab Kumar Sen. 
264 1 |a New York :  |b Wiley,  |c [1981] 
264 4 |c ©1981 
300 |a xv, 421 pages ;  |c 24 cm. 
336 |a text  |b txt  |2 rdacontent 
337 |a unmediated  |b n  |2 rdamedia 
338 |a volume  |b nc  |2 rdacarrier 
490 1 |a Wiley series in probability and mathematical statistics 
500 |a "A Wiley-Interscience publication." 
500 |a Includes indexes. 
504 |a Bibliography: pages 398-413. 
650 0 |a Sequential analysis. 
650 0 |a Nonparametric statistics. 
830 0 |a Wiley series in probability and mathematical statistics. 
999 |a MARS 
999 f f |s f9498a92-cc00-39b7-b92d-546c4f6cf7ea  |i 754037ae-d102-3287-8702-b67692b0471f  |t 0 
952 f f |p ric  |a Texas A&M University  |b Rellis Campus  |c Joint Library Facility  |d Remote Storage  |t 0  |e QA279.7 .S46  |h Library of Congress classification  |i unmediated -- volume  |m A14806204358 
998 f f |a QA279.7 .S46  |t 0  |l Remote Storage